| 000 | 00924nam a22002417a 4500 | ||
|---|---|---|---|
| 005 | 20130527152600.0 | ||
| 008 | 080826t xxu||||| |||| 00| 0 eng d | ||
| 010 | _aB-506568-569 | ||
| 020 |
_a9788131763247 _c460.00 |
||
| 035 | _aB-506568-569 | ||
| 037 | _aKKP/Ven | ||
| 040 |
_aDPL _bEnglish |
||
| 082 | _a621.38 | ||
| 100 | _aKarna, Satish K. | ||
| 245 |
_aThe pearson questionbank for electronics & communication engineers(PSUs/GATE/IES) / _cby Satish K. Karna |
||
| 246 | _aelectronics & communication engineers | ||
| 260 |
_aDelhi _bPearson Education _c2012 |
||
| 270 |
_a7th Floor, Knowledge Boulevard, A-8(A), Sec-62 _bNoida _e201309 |
||
| 300 |
_aVarious pages _c24 cm (pbk) |
||
| 500 | _a. | ||
| 942 |
_2ddc _cEN _mKAR _h621.38 |
||
| 999 |
_c75924 _d75924 |
||